| 000 | 00844nam a2200205 i 4500 | ||
|---|---|---|---|
| 001 | 24095 | ||
| 003 | ES-MaACL | ||
| 005 | 20251012063039.0 | ||
| 007 | t| | ||
| 008 | 021216s1948 sp ||||1| spa d | ||
| 100 | 0 |
_aAmat y de Cortada, Rafael de, _cBarón de Maldá _921147 |
|
| 245 | 1 | 0 |
_aBadalona en las postrimerías del siglo XVIII y en los albores del XIX _b: (estancias de Don Rafael de Amat y de Cortada en " Cân Pexau") / _cRafael de Amat y de Cortada ; prólogo y transcripción por José M. Cuvás Tolosa. |
| 260 |
_aBadalona : _b[s.n.], _c1948 ( _fArtes Gráficas Durán) |
||
| 300 |
_aXXXVIII, 265 p. : _bil. ; _c19 cm. |
||
| 490 | 1 | _aHistórica Badalonesa | |
| 700 | 1 |
_aCuvás Tolosa, José M. _942298 |
|
| 830 | 0 |
_aHistórica Badalonesa _9229071 |
|
| 852 |
_aES-MaACL _jC-5605 _bR.26066 |
||
| 999 |
_c24095 _d24095 |
||